<?xml version="1.0" encoding="UTF-8"?>
<record
    xmlns:xsi="http://www.w3.org/2001/XMLSchema-instance"
    xsi:schemaLocation="http://www.loc.gov/MARC21/slim http://www.loc.gov/standards/marcxml/schema/MARC21slim.xsd"
    xmlns="http://www.loc.gov/MARC21/slim">

  <leader>01536nam a22002537a 4500</leader>
  <controlfield tag="003">St Aloysius Coll</controlfield>
  <controlfield tag="005">20250822144807.0</controlfield>
  <controlfield tag="008">250819b        |||||||| |||| 00| 0 eng d</controlfield>
  <datafield tag="020" ind1=" " ind2=" ">
    <subfield code="a">9789354244773</subfield>
  </datafield>
  <datafield tag="040" ind1=" " ind2=" ">
    <subfield code="c">AL</subfield>
  </datafield>
  <datafield tag="041" ind1=" " ind2=" ">
    <subfield code="a">English</subfield>
  </datafield>
  <datafield tag="082" ind1=" " ind2=" ">
    <subfield code="a">658.0072</subfield>
    <subfield code="b">BOUR</subfield>
  </datafield>
  <datafield tag="100" ind1=" " ind2=" ">
    <subfield code="a">Roger Bougie</subfield>
    <subfield code="9">236580</subfield>
  </datafield>
  <datafield tag="245" ind1=" " ind2=" ">
    <subfield code="a">Research methods for business</subfield>
    <subfield code="b">: a skill building approach</subfield>
  </datafield>
  <datafield tag="250" ind1=" " ind2=" ">
    <subfield code="a">8</subfield>
  </datafield>
  <datafield tag="260" ind1=" " ind2=" ">
    <subfield code="a">New Delhi</subfield>
    <subfield code="b">Wiley</subfield>
    <subfield code="c">2024</subfield>
  </datafield>
  <datafield tag="300" ind1=" " ind2=" ">
    <subfield code="a">xxxiii, 588p.</subfield>
    <subfield code="b">PB</subfield>
    <subfield code="c">25x20.5cm.</subfield>
  </datafield>
  <datafield tag="365" ind1=" " ind2=" ">
    <subfield code="2">General</subfield>
    <subfield code="a">2646</subfield>
    <subfield code="b">&#x20B9;687.00</subfield>
    <subfield code="c">&#x20B9;</subfield>
    <subfield code="d">&#x20B9;859.00</subfield>
    <subfield code="e">20%</subfield>
    <subfield code="f">08/08/2025</subfield>
  </datafield>
  <datafield tag="520" ind1=" " ind2=" ">
    <subfield code="a">Research Methods for Business, 8ed, An Indian Adaptation: A Skill-Building Approach Research Methods for Business explains the principles and practices of using a systematic, organized method for solving problematic issues in business organizations. Designed to help students view research from the perspective of management, this popular textbook guides students through the entire business research process. Organized into six main themes&#x2014;Introduction, Defining the Management and the Research Problem, Theory, Collecting Information, Drawing Conclusions, and Writing and Presenting the Research Report&#x2014;the text enables students to develop the skills and knowledge required to successfully create, conduct, and analyse a research project. About the Author: Roger Bougie, Uma Sekaran, Mala</subfield>
  </datafield>
  <datafield tag="650" ind1=" " ind2=" ">
    <subfield code="2">Business Research Methods</subfield>
    <subfield code="a">Management</subfield>
    <subfield code="9">236581</subfield>
  </datafield>
  <datafield tag="700" ind1=" " ind2=" ">
    <subfield code="a">Sekaran, Uma</subfield>
    <subfield code="9">236582</subfield>
  </datafield>
  <datafield tag="700" ind1=" " ind2=" ">
    <subfield code="a">Srivastava, Mala</subfield>
    <subfield code="9">236583</subfield>
  </datafield>
  <datafield tag="942" ind1=" " ind2=" ">
    <subfield code="2">ddc</subfield>
    <subfield code="c">BK</subfield>
  </datafield>
  <datafield tag="999" ind1=" " ind2=" ">
    <subfield code="c">240359</subfield>
    <subfield code="d">240359</subfield>
  </datafield>
  <datafield tag="952" ind1=" " ind2=" ">
    <subfield code="0">0</subfield>
    <subfield code="1">0</subfield>
    <subfield code="2">ddc</subfield>
    <subfield code="4">0</subfield>
    <subfield code="7">0</subfield>
    <subfield code="8">MCOMFA</subfield>
    <subfield code="a">SACPG</subfield>
    <subfield code="b">SACPG</subfield>
    <subfield code="d">2025-08-14</subfield>
    <subfield code="e">Biblios Book Point</subfield>
    <subfield code="g">687.00</subfield>
    <subfield code="l">0</subfield>
    <subfield code="o">658.0072 BOUR</subfield>
    <subfield code="p">PG025083</subfield>
    <subfield code="r">2025-08-19 18:09:01</subfield>
    <subfield code="v">859.00</subfield>
    <subfield code="w">0000-00-00</subfield>
    <subfield code="y">BK</subfield>
  </datafield>
</record>
